| 000 | 00592nam a2200181Ia 4500 | ||
|---|---|---|---|
| 005 | 20250326125525.0 | ||
| 008 | 250326s9999 xx 000 0 und d | ||
| 037 | _aTextbook | ||
| 040 |
_aFMSL _beng _cFMSL |
||
| 041 |
_aeng _2eng |
||
| 084 |
_aL:14(X:8) K9 _qFMSL |
||
| 100 | _aDepartment OF Health And Social Security | ||
| 245 | 0 |
_aOrganisation and management of hospital laundries _cDepartment OF Health And Social Security |
|
| 260 |
_aLondon _bLondon, Her Majesty's Stationery office _c1969 |
||
| 300 | _a50p | ||
| 942 |
_cTB _hL:14(X:8) K9 |
||
| 999 |
_c1278422 _d1278422 |
||